000 00466nam a2200181Ia 4500
001 17149
005 20260306170403.0
008 260306t2003||||xx |||||||||||||| ||und||
041 _aESP
082 _a657.48
_bA93
100 _aAyala Zavala, Pascual
_eAUT
245 0 _aEl estado de flujos de efectivos:
_ben el sector privado y público
260 _c2003
300 _a528 páginas :
_c24 cm.
650 _aGEN
654 _aCCO
942 _cLIB
_dJUS
_fJUS
_2ddc
_n
999 _c17149
_d17149